00372nam a2200121Ia 4500008004100000020002200041041000800063082002300071100001200094245008300106260005200189300000900241230519s9999 xx 000 0 und d a978-81-947276-6-8 aeng aN/613.2/BAN/DB0964 aBandana aTextbook of Applied Nutrition and Dietetics for undergraduate Nursing Students bVision Health Sciences PublishersaPanjabc2021 a356p